00458cam a2200169ua 45000010005000000080039000050200015000440400009000590410008000680820009000761000028000852450100001132500009002132600033002223000013002556530020002688702150212n ii |||gr||||Z||||||eng a8123740352 cMAIN aeng a823S aObradovic, N.,eEditor.1 aHot days, long nights : bAnthology of african short stories / cEdited by Nadezda Obradovic .  a2nd. aNew Delhi:bNational,c2004. axv,312p. aEnglish fiction